| 000 | 00738nam a22002417i 4500 | ||
|---|---|---|---|
| 003 | URS | ||
| 005 | 20251001091323.0 | ||
| 008 | 180626s2012 -ph||||| |||| 00| 0 eng d | ||
| 020 | _a9717250375 | ||
| 040 |
_erda _curs _beng |
||
| 050 | 1 | 4 |
_aJA 71 _bT818 2012 |
| 100 | 1 | _aTuibeo, Amable G. | |
| 245 | 1 | 0 |
_aPolitics & governance : _ba critical introduction / _cAmable G. Tuibeo |
| 246 | _aPolitics and governance | ||
| 264 | 1 |
_aManila : _bGrand Books Publishing, _c[date of publication not identified]. |
|
| 264 | 4 | _ccopyright 2012 | |
| 300 |
_a168 pages ; _c23 cm |
||
| 336 |
_2rdacontent _atext |
||
| 337 |
_2rdamedia _aunmediated |
||
| 338 |
_2rdacarrier _avolume |
||
| 650 | 0 |
_aPolitical science _xStudy and teaching |
|
| 942 |
_cF _2lcc |
||
| 999 |
_c4063 _d4063 |
||